000
00340pab a2200145 454500
008
180718b2002 xxu||||| |||| 00| 0 eng d
100
_a
Rahman, Hossain Zillur
245
_a
Poverty and property rights
260
_c
2002
300
_a
p.19-21.
650
_a
Right to property
650
_a
Poverty
773
_a
Liberal
909
_a
55620
999
_c
55620
_d
55620